| 000 | 00518nam a2200193 a 4500 | ||
|---|---|---|---|
| 001 | 1774863791611 | ||
| 003 | YourLibrary | ||
| 005 | 20260330151550.0 | ||
| 008 | 260330s2009##################000#0#eng## | ||
| 020 | _a9780230610248 | ||
| 082 | 0 | 4 |
_a355.0092 _bWOO |
| 100 | 1 |
_aWoodworth, Steven E., _eauthor. |
|
| 245 | 1 | 0 | _aSherman: Lessons in Leadership : |
| 260 |
_bMacmillan, _c2009. |
||
| 300 | _a213 pages | ||
| 650 | 0 | _aBiography & Autobiography. | |
| 942 | _cENGLISH | ||
| 040 |
_aYourLibrary _beng _cYourLibrary |
||
| 999 |
_c618215 _d618215 |
||